000 00650nam a2200289Ia 4500
005 20260324130027.0
008 008 260324s9999 xx 000 0 eng d
020 _a9781315633183
037 _aEBOOK
040 _aCRL
040 _beng
040 _cCRL
041 _2eng
041 _aeng
084 _qCRL
100 _aDavid Amram
_91178595
245 0 _aOffbeat
245 0 _bCollaborating with Kerouac
260 _bTaylor and Francis
260 _c2008
365 _a
365 _b300
856 _uhttp://www.taylorfrancis.com/books/9781315633183
942 _cEBOOK
999 _c1776005
_d1776005